000 00336pab a2200145 454500
008 180718b1983 xxu||||| |||| 00| 0 eng d
100 _aAbramson, Mark A.
245 _aPutting reform in perspective
260 _c1983
300 _a3-6
362 _aSummer
650 _aCivil Service - U.S.A.
773 _aBureaucrat
909 _a5852
999 _c5852
_d5852